| 000 | 00334nam a22001337a 4500 | ||
|---|---|---|---|
| 008 | 170629b xxu||||| |||| 00| 0 eng d | ||
| 020 | _a9780321407689 | ||
| 041 | _aeng | ||
| 080 |
_27 ED _a82 |
||
| 100 | _a22 | ||
| 101 | _aGJL | ||
| 245 |
_aLITERARUE AN INTRODUCTION FICTION POETRY AND DRAMA _cKENEDY.X.J |
||
| 942 |
_2udc _cBK |
||
| 999 |
_c19524 _d19524 |
||